Statistiken für Flaggen der Länder an der Fußball-WM 2018

Klicken Sie hier um das Quiz zu spielen!

Allgemein

  • Dieses Quiz wurde 2,362 mal gespielt
  • Das Durchschnittsergebnis liegt bei 28 aus 32

Antwortstatistiken

Answer % Korrekt
Japan
99%
Belgien
99%
Deutschland
99%
Frankreich
99%
Brasilien
99%
Südkorea
98%
Schweden
98%
Australien
98%
Russland
97%
Dänemark
96%
Island
93%
Schweiz
92%
Saudi-Arabien
92%
Spanien
92%
Portugal
91%
Argentinien
91%
Polen
90%
England
90%
Kroatien
89%
Mexiko
88%
Ägypten
85%
Iran
82%
Uruguay
82%
Nigeria
80%
Kolumbien
79%
Marokko
78%
Panama
77%
Serbien
77%
Tunesien
75%
Costa Rica
69%
Peru
67%
Senegal
67%

Verteilung der Resultate

Perzentil nach korrekt beantworteten Fragen

Anzahl Personen mit jedem Resultat

Ihre Resultats-Entwicklung

Sie haben dieses Quiz noch nicht gespielt